000 00599nam a22002297a 4500
003 UA-OsUOA
001 51986
007 ta
008 20080128b un ||||| |||| 00| 0 ukr d
100 _aСеменчук І.
090 _a82.09
_bС30
942 _cBK
040 _aUA-OsUOA
_bukr
_cUA-OsUOA
_dUA-OsUOA
245 _aЖиттєпис Олександра Довженка
300 _a223 с.
955 _a3
041 _aukr
080 _a82.09
260 _aК.
_bМолодь
_c1991
650 7 _a82 Література. Літературознавство
_2UDC
999 _c338079
_d338079